Teória pravdepodobnosti 1
Uložené v:
| Hlavný autor: | |
|---|---|
| Korporativný autor: | |
| Ďalší autori: | |
| Médium: | Kniha |
| Jazyk: | Slovak |
| Vydavateľské údaje: |
Bratislava
Vydavateľstvo EKONÓM
2004
|
| Vydanie: | 2. oprav. vyd. |
| Predmet: | |
| Tagy: |
Žiadne tagy, Buďte prvý, kto otaguje tento záznam!
|
MARC
| LEADER | 00000nam$a2200000$$$4500 | ||
|---|---|---|---|
| 001 | 0005400 | ||
| 005 | 20240502071349.3 | ||
| 020 | |a 80-225-1800-X | ||
| 041 | 0 | |a slo | |
| 044 | |a SK | ||
| 245 | 1 | 0 | |a Teória pravdepodobnosti 1 |c Galina Horáková, Vladimír Huťka |
| 250 | |a 2. oprav. vyd. | ||
| 264 | 1 | |a Bratislava |b Vydavateľstvo EKONÓM |c 2004 | |
| 300 | |a 206 s. | ||
| 610 | 2 | 0 | |a teória pravdepodobnosti |
| 610 | 2 | 0 | |a matematika |
| 610 | 2 | 0 | |a pravdepodobnosť |
| 610 | 2 | 0 | |a javy náhodné |
| 610 | 2 | 0 | |a rozdelenie pravdepodobnosti |
| 610 | 2 | 0 | |a limity |
| 100 | 1 | |a Horáková, Galina | |
| 700 | 1 | |a Huťka, Vladimír | |
| 710 | 2 | |a Ekonomická univerzita v Bratislave. Fakulta hospodárskej informatiky | |